000 00423nam a2200181Ia 4500
001 19889
005 20260306172726.0
008 260306t2007||||xx |||||||||||||| ||spa||
041 _aESP
082 _a341.4
_bA81
100 _aDe Asís Roig, Rafael
_eAUT
245 0 _aEl razonamiento judicial
260 _c2007
300 _a195 páginas :
_c24 cm.
650 _aGEN
654 _aCDE
942 _cLIB
_dJUS
_fJUS
_2ddc
_n
999 _c19889
_d19889